000 00365nam a2200145Ia 4500
008 240624s9999 xx 000 0 und d
041 _aeng
082 _a302.35 THO
100 _aTHOMAS DAVID C
245 _aCROSS CULTURAL MANAGEMENT ESSENTIAL CONC
250 _a(4th ed.)
260 _c2018
_aNew Delhi
_bSage
300 _axxi, 313 p.; 23 cm.
365 _c
_b32
999 _c29889
_d29889